El reconocimiento de la libertad religiosa en Naciones Unidas

-д хадгалсан:
Номзүйн дэлгэрэнгүй
Үндсэн зохиолч: Souto Galván, Esther (Зохиогч)
Формат: Ном
Хэл сонгох:испани
Хэвлэсэн: Madrid Marcial Pons 2000
Нөхцлүүд:
Шошгууд: Шошго нэмэх
Шошго байхгүй, Энэхүү баримтыг шошголох эхний хүн болох!

MARC

LEADER 00000nam a2200000 a 4500
001 UCL2923
003 CL-VaPUC
008 031107e20000000SP |||||||||||||||||spa|d
020 |a 8472487792 
082 0 4 |a 262.9  |b SOU  |2 21 
100 0 |a Souto Galván, Esther  |e author  |9 480121 
245 1 3 |a El reconocimiento de la libertad religiosa en Naciones Unidas 
300 |a 413 p 
942 |c BK 
945 |d 20031107 00:00:00  |a cmena 
260 |a Madrid  |b Marcial Pons  |c 2000 
650 0 |a Derecho eclesiástico  |9 255055 
650 0 |a Estado y derecho  |9 255403 
650 7 |a DERECHO CANONICO  |2 CL-VaPUC  |9 480122 
650 7 |a LIBERTAD RELIGIOSA  |2 CL-VaPUC  |9 480123 
583 |a last modification  |c 20031107 00:00:00  |k Rodrigo Vera 
999 |c 306089  |d 306087 
952 |0 0  |1 0  |4 0  |6 262_900000000000000_SOU_2000  |7 0  |8 A  |9 370805  |a BIBDER  |b BIBDER  |d 2019-11-21  |i 3918866  |o 262.9 SOU 2000  |p 3918866  |r 2023-01-25  |w 2019-11-21  |y BK  |k DER